| 000 | 00791na a2200265 4500 | ||
|---|---|---|---|
| 001 | 21550 | ||
| 003 | MIRAKIL | ||
| 005 | 20181213155012.0 | ||
| 008 | 170205b tu 000 0 | ||
| 020 | _a9759321106 | ||
| 035 | _a21550 | ||
| 040 |
_aMilas _btur _cTR-AnCHP |
||
| 041 | _atur | ||
| 082 |
_a320.9561 _bT66a 2000 |
||
| 090 | _a320.9561 T66a 2000 | ||
| 100 | _aToprakoğlu, Celal | ||
| 245 |
_aAnadolu solu _bİslamiyet ve sosyalizm _bCumhuriyet düşüncesi _bDemokrasi ve sosyal demokrasi _cCelal Toprakoğlu |
||
| 260 |
_aİstanbul _bAvcıol Basım Yayın _c2000 |
||
| 300 |
_a419 s. _c23 sm. |
||
| 500 | _aYapıt yazarından imzalıdır. | ||
| 650 |
_aDemokrasi _zTürkiye |
||
| 650 | _aSosyalizm ve İslam | ||
| 651 |
_aTürkiye _xSiyaset ve yönetim |
||
| 942 |
_2ddc _cBKS |
||
| 999 |
_c4617 _d4617 |
||